Zdravotné poistenie

Charakteristika poisťovacieho systému v zdravotníctve. Osobný rozsah zdravotného poistenia a zdravotná starostlivosť uhrádzaná zo zdravotného poistenia. Vznik a zánik zdravotného poistenia a oznamovacia povinnosť. Poistné, jeho platenie a povinnosti platiteľov poistného. Vymeriavací základ. Práva a...

ver descrição completa

Na minha lista:
Detalhes bibliográficos
Autor principal: Blehová, Silvia
Formato: Capítulo de Livro
Idioma:eslovaco
Assuntos:
Tags: Adicionar Tag
Sem tags, seja o primeiro a adicionar uma tag!

MARC

LEADER 00000naa a2200000 4500
001 r036571
005 20230926082125.3
041 0 |a slo 
044 |a SK 
245 1 0 |a Zdravotné poistenie  |c Silvia Blehová 
520 |a Charakteristika poisťovacieho systému v zdravotníctve. Osobný rozsah zdravotného poistenia a zdravotná starostlivosť uhrádzaná zo zdravotného poistenia. Vznik a zánik zdravotného poistenia a oznamovacia povinnosť. Poistné, jeho platenie a povinnosti platiteľov poistného. Vymeriavací základ. Práva a povinnosti poistencov. Organizácia zdravotného poistenia a úlohy zdravotných poisťovní. 
610 2 0 |a poistenie zdravotné 
610 2 0 |a starostlivosť zdravotná 
610 2 0 |a poistné 
610 2 0 |a povinnosť oznamovacia 
610 2 0 |a poisťovne zdravotné 
100 1 |a Blehová, Silvia